书目信息 |
| 题名: |
中国绘画
|
|
| 作者: | 徐改 著 ;刘守安 主编 | |
| 分册: | ||
| 出版信息: | 合肥 安徽美术出版社 2003.02 |
|
| 页数: | 136页 | |
| 开本: | 21cm | |
| 丛书名: | 大学生艺术素质拓展丛书 | |
| 单 册: | ||
| 中图分类: | J212.05-49 , J212.05 | |
| 科图分类: | ||
| 主题词: | 中国画--鉴赏--青年读物 , 中国画 , 绘画--技法(美术) | |
| 电子资源: | ||
| ISBN: | 7-5398-1122-6 | |
| 000 | 00961nam2 2200313 45 | |
| 001 | 012003000000 | |
| 005 | 20041012095659.15 | |
| 010 | @a7-5398-1122-6@dCNY 12.00 | |
| 100 | @a20031103d2003 em y0chiy0121 ea | |
| 101 | 0 | @achi |
| 102 | @aCN@b340000 | |
| 105 | @aa z 000yy | |
| 200 | 1 | @a中国绘画@Azhong guo hui hua@e造化与心源的互生@f徐改著 |
| 210 | @a合肥@c安徽美术出版社@d2003.02 | |
| 215 | @a136页@c图@d21cm | |
| 225 | 2 | @a大学生艺术素质拓展丛书@f刘守安主编 |
| 320 | @a本书末含参考文献(第127页) | |
| 330 | @a本书内容包括: 曙光初露, 雄健飞扬, 精致臻丽, 焕烂求备, 情境交融, 笔情墨趣等。 | |
| 410 | 0 | @12001 @a大学生艺术素质拓展丛书 |
| 517 | 1 | @a造化与心源的互生 |
| 606 | 0 | @a中国画@x鉴赏@j青年读物 |
| 606 | 0 | @a中国画 |
| 606 | 0 | @a绘画@x技法(美术) |
| 690 | @aJ212.05-49@v4 | |
| 690 | 1 | @aJ212.05@v4 |
| 701 | 0 | @a徐改@Axu gai@4著 |
| 702 | 0 | @a刘守安@Aliu shou an@4主编 |
| 801 | 0 | @aCN@bQSSKw1@c20041012 |
| 905 | @dJ212.05@eX713 | |
| 中国绘画:造化与心源的互生/徐改著.-合肥:安徽美术出版社,2003.02 |
| 136页:图;21cm.-(大学生艺术素质拓展丛书/刘守安主编) |
| ISBN 7-5398-1122-6:CNY 12.00 |
| 本书内容包括: 曙光初露, 雄健飞扬, 精致臻丽, 焕烂求备, 情境交融, 笔情墨趣等。 |
| ● |
| 相关链接 |
|
|
|
正题名:中国绘画
索取号:J212.05/X713
 
预约/预借
| 序号 | 登录号 | 条形码 | 馆藏地/架位号 | 状态 | 备注 |
| 1 | 386946 | 203869466 | 自科二线404/309社科库 68排4列5层/ [索取号:J212.05/X713] | 在馆 | |
| 2 | 386947 | 203869475 | 社科库309/309社科库 68排4列4层/ [索取号:J212.05/X713] | 在馆 | |
| 3 | 386948 | 203869484 | 自科二线404/309社科库 68排4列5层/ [索取号:J212.05/X713] | 在馆 | |
| 4 | 399574 | 203995748 | 社科库309/309社科库 68排4列4层/ [索取号:J212.05/X713] | 在馆 | |
| 5 | 399575 | 203995757 | 自科二线404/309社科库 68排4列5层/ [索取号:J212.05/X713] | 在馆 | |
| 6 | 399576 | 203995766 | 自科二线404/309社科库 68排4列5层/ [索取号:J212.05/X713] | 在馆 |